| 000 | 00514cab a2200193 4500 | ||
|---|---|---|---|
| 001 | X2295 | ||
| 008 | 090401t1995 xxu||||| |||| 00| 0 eng d | ||
| 035 | _a(Sirsi) u23199 | ||
| 041 | _aeng | ||
| 245 | _aQS workload survey : fall in confidence and workload | ||
| 260 | _c1995 | ||
| 350 | _a0 | ||
| 490 |
_aCSM (Chartered Surveyor Monthly) _v4(7) May 1995, 5(1) |
||
| 650 | _aCONSTRUCTION WORKLOAD | ||
| 650 | _aQS WORKLOAD SURVEY | ||
| 690 |
_aQuantity surveying _96263 |
||
| 942 | _n0 | ||
| 948 | _c04/03/1997 | ||
| 999 |
_c15526 _d15526 |
||